<?xml version="1.0" encoding="UTF-8"?>
<record
    xmlns:xsi="http://www.w3.org/2001/XMLSchema-instance"
    xsi:schemaLocation="http://www.loc.gov/MARC21/slim http://www.loc.gov/standards/marcxml/schema/MARC21slim.xsd"
    xmlns="http://www.loc.gov/MARC21/slim">

  <leader>01216nam a22001937a 4500</leader>
  <controlfield tag="005">20150124125132.0</controlfield>
  <controlfield tag="008">130924t        mx ||||| |||| 00| 0 spa d</controlfield>
  <datafield tag="020" ind1=" " ind2=" ">
    <subfield code="a">9789686851663</subfield>
  </datafield>
  <datafield tag="050" ind1="0" ind2="4">
    <subfield code="a">HQ 1462 </subfield>
    <subfield code="b">E88 2007 </subfield>
  </datafield>
  <datafield tag="245" ind1="0" ind2="0">
    <subfield code="a">22 Estampas de mujeres mexicanas 1</subfield>
    <subfield code="c">/ Mariel Alelhy Apodaca Barreras...[et al.].</subfield>
  </datafield>
  <datafield tag="260" ind1=" " ind2=" ">
    <subfield code="a">M&#xE9;xico : </subfield>
    <subfield code="b">DEMAC,</subfield>
    <subfield code="c">2007</subfield>
  </datafield>
  <datafield tag="300" ind1=" " ind2=" ">
    <subfield code="a">V. 23 cm.</subfield>
  </datafield>
  <datafield tag="440" ind1=" " ind2="0">
    <subfield code="a">Premios DEMAC 2005-2006</subfield>
  </datafield>
  <datafield tag="505" ind1=" " ind2=" ">
    <subfield code="a">Contenido: V.1 Mariel Alelhy Apodaca Barreras, Martha Beatriz Asid Gayt&#xE1;n, Gabriela Bosch Garf&#xED;as, Soledad Buenabad Jim&#xE9;nez, In&#xE9;s Carmona P&#xE9;rez, Mar&#xED;a Elena Castro Reyes, Rosalba Ceja Urrutia, Mar&#xED;a Guadalupe Galaviz Fern&#xE1;ndez, Guadalupe Gonz&#xE1;lez L&#xF3;pez, Margarita Guevara, Martha Guti&#xE9;rrez Alvarez, Mar&#xED;a del Rayo Guzm&#xE1;n Centeno, Leticia Hurtado de Jes&#xFA;s, Carmen G. M&#xE1;rquez Soriano, Tania Er&#xE9;ndira Meza Escorza, Consuelo Mondrag&#xF3;n S&#xF3;lomon, Beatriz M. Narro Etchegaray, Jaina Pereyra Mu&#xF1;oz, Ariadna Roozendaal Ayala, Aurora Serrano vuida de Demay, Sifia Silva Montoya, Mar&#xED;a de Jesus Tello S&#xE1;nchez.</subfield>
  </datafield>
  <datafield tag="650" ind1=" " ind2="4">
    <subfield code="a">Mujeres Mexicanas</subfield>
    <subfield code="x">Historia</subfield>
  </datafield>
  <datafield tag="650" ind1=" " ind2="4">
    <subfield code="a">Mujeres Mexicanas</subfield>
    <subfield code="x">Literatura</subfield>
  </datafield>
  <datafield tag="700" ind1="1" ind2=" ">
    <subfield code="a">Apodaca Barrera, Mariel Alelhy, </subfield>
    <subfield code="e">coautor.</subfield>
  </datafield>
  <datafield tag="942" ind1=" " ind2=" ">
    <subfield code="2">ddc</subfield>
    <subfield code="c">LIB</subfield>
  </datafield>
  <datafield tag="999" ind1=" " ind2=" ">
    <subfield code="c">42036</subfield>
    <subfield code="d">42036</subfield>
  </datafield>
  <datafield tag="952" ind1=" " ind2=" ">
    <subfield code="1">0</subfield>
    <subfield code="2">lcc</subfield>
    <subfield code="4">0</subfield>
    <subfield code="7">0</subfield>
    <subfield code="a">LIC-047</subfield>
    <subfield code="b">LIC-047</subfield>
    <subfield code="c">GENERAL</subfield>
    <subfield code="d">2013-09-24</subfield>
    <subfield code="h">BFP000005993</subfield>
    <subfield code="i">Ciencias de la salud</subfield>
    <subfield code="k">Ciencias de la salud</subfield>
    <subfield code="o">HQ 1462 E88 2007 </subfield>
    <subfield code="p">BFP000005993</subfield>
    <subfield code="r">2013-09-24 00:00:00</subfield>
    <subfield code="t">C:1 V:1</subfield>
    <subfield code="y">LIB</subfield>
  </datafield>
  <datafield tag="952" ind1=" " ind2=" ">
    <subfield code="1">0</subfield>
    <subfield code="2">lcc</subfield>
    <subfield code="4">0</subfield>
    <subfield code="7">0</subfield>
    <subfield code="a">LIC-020</subfield>
    <subfield code="b">LIC-020</subfield>
    <subfield code="c">GENERAL</subfield>
    <subfield code="d">2015-11-04</subfield>
    <subfield code="f">1a. ed.</subfield>
    <subfield code="k">EH</subfield>
    <subfield code="l">1</subfield>
    <subfield code="o">HQ1462 E88 2007</subfield>
    <subfield code="p">BFF000005366</subfield>
    <subfield code="r">2025-04-07 13:55:33</subfield>
    <subfield code="s">2025-04-07</subfield>
    <subfield code="t">c: 1</subfield>
    <subfield code="y">LIB</subfield>
  </datafield>
</record>
